LEADER 00967nam a2200169 i 4500 001 000000000969 003 CaOOAMICUS 005 20180830125434.0 008 180830s1932 it u000 u ita u 040 $aSeMil$bita 245 10$aStoria dei papi nel periodo dell'Assolutismo dall'elezione di Innocenzo 10. sino alla morte di Innocenzo 12. (1644-1700) 650 4$aPapato - Storia - Sec. 18.$0(OLS)http://semarc/subject/322 700 1 $aPastor, Ludwig : von <1854-1928>.$0(OLS)http://semarc/name/610 773 0 $aPastor, Ludwig : von <1854-1928>$tStoria dei papi.$dRoma : Desclée & C.-Editori Pontifici, 1908-1963.$w()762 774 0 $tInnocenzo 10., Alessandro 7., Clemente 9., Clemente 10. (1644-1676).$gParte1$w()104247 774 0 $tInnocenzo 11., Alessandro 8., Innocenzo 12. (1676-1700).$gParte2$w()104248 996 $6245$aStoria dei papi nel periodo dell'Assolutismo dall'elezione di Innocenzo 10. sino alla morte di Innocenzo 12. (1644-1700)$9(OLS)http://semarc/title/1536 LEADER 00946nam a2200241 i 4500 001 000000179353 003 CaOOAMICUS 005 20090511000000.0 008 090511s1990 it u000 u ita u 013 $a156929 020 $a88-7023-033-3 040 $aSeMil$bita 100 1 $aMajo, Angelo Giuseppe,$c.$0(OLS)http://semarc/name/3746 245 10$aDall'età comunale a Carlo Borromeo. 250 $a3. Ed. 300 $a257 p., [12] p. di tav. 500 $aContiene : Bibliografia essenziale. 773 0 $aMajo, Angelo Giuseppe $tStoria della Chiesa Ambrosiana.$dMilano : NED, 1985-1990.$g2$w()21279 850 $aSeMil 852 $aSeMil$W1$xVenegono$y1$m3A V 45$j130116$B130116$CSeMilBibl$Z2$F142524 $81 961 $aLascito: Marelli mons. Giacomo 996 $6020$a88-7023-033-3$9(OLS)http://semarc/number/168509 996 $6245$aDall'età comunale a Carlo Borromeo$9(OLS)http://semarc/title/257540